| 000 | 00650nam a22001697a 4500 | ||
|---|---|---|---|
| 020 | _qHard Cover. | ||
| 082 | _a621.3678 | ||
| 100 | _aShahid Umair, Syed | ||
| 245 |
_aGroundwater Vulnerability Assessment of Lahore City based on Modified DRASTIC Model in GIS / _cSyed Umair Shahid. |
||
| 260 |
_aIslamabad : _bIGIS(SCEE) - NUST, _c2017. |
||
| 300 |
_aviii, 106 p. ill. ; _c30cm. |
||
| 650 |
_aPhD-Remote Sensing and Geographical Information Systems _9123886 |
||
| 700 | _aSupervisor:Dr. Javed Iqbal. | ||
| 856 | _uhttp://10.250.8.41:8080/xmlui/handle/123456789/20333 | ||
| 942 |
_2ddc _cSC |
||
| 999 |
_c534663 _d534663 |
||